| 000 | 00611nam a22001697a 4500 | ||
|---|---|---|---|
| 005 | 20251108164302.0 | ||
| 008 | 250721s1983 xx 000 0 ara d | ||
| 082 | 1 | 4 | _a219/مني |
| 100 | 1 | _aعامر، منير | |
| 245 | 1 | 0 |
_aمن فيض الرحمن في رسالة محمد عليه الصلاة و السلام : _bمن قول الإمام الشيخ محمد متولي الشعراوي / |
| 264 | 1 |
_aالقاهره : _bمؤسسة روز اليوسف، _c1983. |
|
| 300 | _a134ص. | ||
| 490 | 0 | _aالكتاب الذهبي | |
| 650 | 1 | 7 | _aالسيرة النبوية |
| 942 |
_2ddc _cBK |
||
| 999 |
_c8353 _d8353 |
||